Plus grandes villes de chaque états des Etats-Unis - Statistiques

Statistiques générales
  • Ce quiz a été pris 113 fois
  • Le résultat moyen est 26 sur 50
Réponses sur la Carte
Les réponses sont colorées sur une échelle allant du rouge au vert en fonction du pourcentage des utilisateurs qui les ont devinées à leur premier essai. Vous pouvez retrouver ces pourcentages ci-dessous.
 
Statistiques - réponses
Réponse % Correct
Los Angeles
100%
New York
99%
Chicago
91%
Houston
91%
Seattle
91%
Las Vegas
90%
Philadelphie
86%
Atlanta
84%
Phoenix
84%
Boston
83%
Detroit
79%
Denver
77%
Indianapolis
76%
Salt Lake City
70%
Nouvelle-Orléans
69%
Portland
69%
Portland
69%
Honolulu
68%
Charlotte
67%
Minneapolis
67%
Memphis
66%
Oklahoma City
66%
Kansas City
64%
Jackson
61%
Anchorage
56%
Milwaukee
54%
Jacksonville
53%
Baltimore
47%
Des Moines
44%
Boise
40%
Louisville
40%
Columbus
38%
Providence
36%
Richmond
34%
Charleston
31%
Cheyenne
31%
Little Rock
27%
Bismarck
24%
Columbia
24%
Omaha
24%
Birmingham
23%
Wichita
21%
Newark
20%
Sioux Falls
18%
Wilmington
14%
Billings
13%
Manchester
13%
Albuqerque
11%
Bridgeport
11%
Burlington
8%
Aucun quiz correspondant
Distribution des résultats
% des personnes avec chaque résultat
Percentile par nombre de réponses
Votre historique - résultats
Vous n’avez pas pris ce quiz